000 00300nam a22001337a 4500
008 171103b xxu||||| |||| 00| 0 eng d
020 _a9780073529950
041 _aeng
080 _218 ED
_a339.138
100 _a60
101 _aMAR
245 _aBASIC MARKETING
_cWILLIAM.D.P
942 _2udc
_cBK
999 _c37519
_d37519